000 00523nam a2200169Ia 4500
003 IN-BaIIA
008 211028s9999 xx s 000 0 eng d
020 _a9781628416664 (Online)
020 _a9781628418668 (Print)
040 _cIIA Library
100 _aO'Neill, Kevin A.
_940873
245 0 _aDiscrimination of Subsurface Unexploded Ordnance
_h[eBook]
260 _aWashington, USA
_bSPIE
_c2016
300 _aOnline resource
856 _uhttps://doi.org/10.1117/3.2203199
_yClick Here to Access eBook
942 _cEB
999 _c22169
_d22169